[Event "CRO Team Cup"]
[Site "Mali Losinj"]
[Date "2017.05.11"]
[Round "3.34"]
[White "Vucic, Mihovil"]
[Black "Bubalovic, Davorin"]
[Result "0-1"]
[WhiteElo "2167"]
[BlackElo "2211"]
[PlyCount "106"]
[EventDate "2017.??.??"]

1. e4 c5 2. Nf3 Nc6 3. c3 d5 4. exd5 Qxd5 5. d4 Bf5 6. Be3 cxd4 7. cxd4 Bxb1 8.
Rxb1 e6 9. Bd3 Bb4+ 10. Ke2 Qxa2 11. Qc2 Rc8 12. Ra1 Qd5 13. Qa4 Nge7 14. h4
O-O 15. g4 a5 16. Rad1 Qd6 17. Qb5 Qd5 18. h5 Qxb5 19. Bxb5 Nd5 20. Bd3 Rfe8
21. Ng5 h6 22. Nf3 f6 23. Rhg1 Kh8 24. Rg2 Bd6 25. Nh4 Nce7 26. Kf3 e5 27. Ng6+
Nxg6 28. Bxg6 Red8 29. Bf5 Rb8 30. Ke4 Ne7 31. f4 exf4 32. Bxf4 Bxf4 33. Kxf4
Nd5+ 34. Ke4 Rd6 35. Bg6 Rbd8 36. Bf7 R8d7 37. Bxd5 Rxd5 38. Rf2 Rg5 39. Rf4
Kg8 40. Rd3 Kf7 41. Rb3 b5 42. Rc3 Re7+ 43. Kd3 Re1 44. Rc5 Rd1+ 45. Ke4 Rxc5
46. dxc5 Ke6 47. Rf5 Re1+ 48. Kd3 Kd7 49. g5 Ke6 50. Rf2 hxg5 51. Rc2 Kd7 52.
c6+ Kc7 53. Rc5 Re5 0-1

[Event "CRO Team Cup"]
[Site "Mali Losinj"]
[Date "2017.05.11"]
[Round "3.41"]
[White "Martinovic, Sasa"]
[Black "Saric, Ante"]
[Result "1/2-1/2"]
[WhiteElo "2552"]
[BlackElo "2544"]
[PlyCount "124"]
[EventDate "2017.??.??"]

1. d4 e6 2. c4 Nf6 3. Nc3 Bb4 4. e3 O-O 5. Bd3 d5 6. cxd5 exd5 7. Nge2 Re8 8.
Bd2 Bf8 9. O-O b6 10. Nf4 c5 11. Qf3 Bb7 12. Rac1 Nc6 13. Ncxd5 Nxd5 14. Nxd5
Ne5 15. dxe5 Qxd5 16. Qxd5 Bxd5 17. Bc3 Bxa2 18. Be4 Rab8 19. Ra1 Bc4 20. Rfd1
a5 21. f4 Bb3 22. Rd7 Red8 23. Ra7 a4 24. f5 b5 25. e6 fxe6 26. f6 Bd5 27. fxg7
Bd6 28. Bxd5 exd5 29. Bf6 Re8 30. Rd1 Be5 31. Bxe5 Rxe5 32. h4 c4 33. Kf2 h5
34. g3 Rf5+ 35. Ke2 Rb6 36. Rd4 Rbf6 37. Rf4 Rxf4 38. gxf4 Rf7 39. Ra8+ Kxg7
40. Rb8 d4 41. exd4 Rxf4 42. Rxb5 Rxh4 43. Rb4 Rxd4 44. Rxa4 Rg4 45. Kf3 Kh6
46. Ra5 Rg5 47. Ra6+ Rg6 48. Ra5 Rb6 49. Ra4 Rc6 50. Ra5 Kg6 51. Kg3 Rd6 52.
Rc5 Rd4 53. Kf3 h4 54. Ke3 h3 55. Kxd4 h2 56. Kxc4 h1=Q 57. Kb3 Qb1 58. Rc3 Kf5
59. Ka3 Ke5 60. Kb3 Kd4 61. Ka3 Qa1+ 62. Kb3 Qa7 1/2-1/2

[Event "CRO Team Cup"]
[Site "Mali Losinj"]
[Date "2017.05.11"]
[Round "3.42"]
[White "Saric, Ibro"]
[Black "Cvitan, Ognjen"]
[Result "1/2-1/2"]
[WhiteElo "2555"]
[BlackElo "2485"]
[PlyCount "47"]
[EventDate "2017.??.??"]

1. d4 Nf6 2. c4 e6 3. Nc3 d5 4. cxd5 exd5 5. Bg5 c6 6. e3 h6 7. Bh4 Be7 8. Bd3
Nbd7 9. Nf3 Nh5 10. Bxe7 Qxe7 11. O-O O-O 12. Rb1 a5 13. a3 Nhf6 14. Qc2 Re8
15. b4 axb4 16. axb4 Nb6 17. Rfc1 Be6 18. b5 c5 19. dxc5 Qxc5 20. Ne4 Nxe4 21.
Qxc5 Nxc5 22. Rxc5 Rec8 23. Rxc8+ Rxc8 24. Nd4 1/2-1/2

[Event "CRO Team Cup"]
[Site "Mali Losinj"]
[Date "2017.05.11"]
[Round "3.43"]
[White "Kurajica, Bojan"]
[Black "Plenca, Julijan"]
[Result "1/2-1/2"]
[WhiteElo "2528"]
[BlackElo "2406"]
[PlyCount "115"]
[EventDate "2017.??.??"]

1. Nf3 Nf6 2. c4 g6 3. b3 Bg7 4. Bb2 O-O 5. g3 c6 6. Bg2 d5 7. O-O Bg4 8. d4
Qc8 9. Nc3 dxc4 10. bxc4 Rd8 11. Qb3 Nbd7 12. Rfd1 Ne8 13. Ba3 Bxf3 14. Bxf3
Nd6 15. e4 Nf8 16. c5 Ne8 17. d5 Qc7 18. Rac1 Nd7 19. Bg2 Nef6 20. Ne2 Re8 21.
Nd4 Rad8 22. f4 Nf8 23. dxc6 e5 24. Nb5 Qxc6 25. Nxa7 Qa6 26. Nb5 Ne6 27. Rxd8
Rxd8 28. Nd6 exf4 29. e5 Ng4 30. gxf4 Nd4 31. Bf1 Nxb3 32. Bxa6 Nxc1 33. Bxc1
bxa6 34. c6 Bh6 35. c7 Ra8 36. c8=Q+ Rxc8 37. Nxc8 Nxe5 38. Ne7+ Kf8 39. Nd5
Nc4 40. Kf2 f5 41. Ke2 Kf7 42. a4 Bg7 43. Nb4 Nb6 44. a5 Nc4 45. Nxa6 Nxa5 46.
Be3 Bf8 47. Nc7 Bd6 48. Nb5 Ke6 49. Kd3 Nc6 50. h3 Nb4+ 51. Kc4 Nc6 52. Nd4+
Nxd4 53. Kxd4 Be7 54. Bd2 h6 55. Ke3 g5 56. Kf3 Kf7 57. fxg5 hxg5 58. Be1
1/2-1/2

[Event "CRO Team Cup"]
[Site "Mali Losinj"]
[Date "2017.05.11"]
[Round "3.44"]
[White "Bobanac, Miro"]
[Black "Zelic, Mladen"]
[Result "1/2-1/2"]
[WhiteElo "2292"]
[BlackElo "2303"]
[PlyCount "82"]
[EventDate "2017.??.??"]

1. Nf3 Nf6 2. b3 d5 3. Bb2 g6 4. Bxf6 exf6 5. d4 c5 6. e3 Nc6 7. Be2 cxd4 8.
Nxd4 Bd6 9. Nd2 Qa5 10. O-O Nxd4 11. exd4 Qc3 12. Bf3 Be6 13. Re1 O-O 14. Nf1
Rac8 15. a3 Qxc2 16. Qxc2 Rxc2 17. Ne3 Rd2 18. Nxd5 Rxd4 19. Nxf6+ Kg7 20. Ne4
Be7 21. b4 b6 22. Rac1 Rfd8 23. h3 R8d7 24. Nc3 Bg5 25. Nb5 Bxc1 26. Nxd4 Bxa3
27. Nxe6+ fxe6 28. b5 Kf6 29. g4 Rd3 30. Kg2 Bc5 31. Re2 Rb3 32. Bc6 g5 33. Bd7
e5 34. Bc6 Bd4 35. Ra2 Rc3 36. Be4 Rc7 37. Rc2 Bc5 38. Kf3 h6 39. Ke2 Ke6 40.
f3 Kd6 41. Kd3 Ke6 1/2-1/2

[Event "CRO Team Cup"]
[Site "Mali Losinj"]
[Date "2017.05.11"]
[Round "3.51"]
[White "Drmic, Tomislav"]
[Black "Jovanovic, Zoran"]
[Result "0-1"]
[WhiteElo "2247"]
[BlackElo "2537"]
[PlyCount "114"]
[EventDate "2017.??.??"]

1. g3 c5 2. Bg2 g6 3. Nf3 Bg7 4. O-O Nc6 5. d3 e5 6. e4 Nge7 7. Be3 d6 8. Qd2
O-O 9. Bh6 f5 10. Bxg7 Kxg7 11. Nc3 h6 12. Ne2 Be6 13. Ne1 d5 14. exd5 Bxd5 15.
f4 Qb6 16. Bxd5 Nxd5 17. Ng2 c4+ 18. Kh1 cxd3 19. Qxd3 Rad8 20. fxe5 Nxe5 21.
Qd4 Qxd4 22. Nxd4 Rfe8 23. Rae1 Nf6 24. c3 Kf7 25. Nh4 Nc4 26. Nhf3 Rxe1 27.
Rxe1 Ne4 28. b3 Ncd2 29. Nxd2 Nxd2 30. Kg2 Ne4 31. Rc1 Kf6 32. Nf3 g5 33. Rc2
a5 34. c4 b6 35. Kf1 Rd1+ 36. Ke2 Rh1 37. Ke3 g4 38. Nd2 Re1+ 39. Kd4 Rd1 40.
Ke3 Nc5 41. Ke2 Ra1 42. Rb2 Ke5 43. Nb1 Ne4 44. Ke3 h5 45. Kd3 Nc5+ 46. Ke3 h4
47. Nc3 hxg3 48. hxg3 Rf1 49. Kd2 Rf3 50. b4 axb4 51. Rxb4 Rxg3 52. Ne2 Rd3+
53. Ke1 Rd6 54. Rb5 Ke4 55. a4 f4 56. Nc3+ Kf3 57. Nd5 g3 0-1

[Event "CRO Team Cup"]
[Site "Mali Losinj"]
[Date "2017.05.11"]
[Round "3.52"]
[White "Pikula, Dejan"]
[Black "Aleksic, Robert"]
[Result "1-0"]
[WhiteElo "2452"]
[BlackElo "2132"]
[PlyCount "53"]
[EventDate "2017.??.??"]

1. d4 d5 2. Bf4 e6 3. e3 Nf6 4. Nf3 Bd6 5. Ne5 a6 6. Nd2 Nbd7 7. Bd3 Qe7 8. Bg3
c5 9. c3 h5 10. f4 h4 11. Bf2 Nf8 12. Qf3 g6 13. Qh3 N6d7 14. Ndf3 Bxe5 15.
dxe5 Nb6 16. Bxh4 Qd7 17. Qg3 Nh7 18. O-O Qc7 19. Rad1 Na4 20. Rd2 c4 21. Bb1
Nc5 22. e4 dxe4 23. Rd8+ Qxd8 24. Bxd8 Kxd8 25. Qh4+ Kc7 26. Qe7+ Nd7 27. Ng5
1-0

[Event "CRO Team Cup"]
[Site "Mali Losinj"]
[Date "2017.05.11"]
[Round "3.53"]
[White "Zubak, Zeljko"]
[Black "Djurovic, Goran"]
[Result "0-1"]
[WhiteElo "2005"]
[BlackElo "2389"]
[PlyCount "120"]
[EventDate "2017.??.??"]

1. d4 Nf6 2. c4 e6 3. Nf3 b6 4. g3 Ba6 5. Qc2 Bb7 6. Bg2 c5 7. O-O cxd4 8. Nxd4
Bxg2 9. Kxg2 Qc7 10. Bg5 Be7 11. Nd2 a6 12. N2f3 O-O 13. Rac1 Rc8 14. Bxf6 Bxf6
15. Qe4 Nc6 16. Nxc6 Qxc6 17. Qxc6 Rxc6 18. b3 Kf8 19. Rfd1 Ke7 20. e4 d6 21.
a4 Rac8 22. Nd4 Bxd4 23. Rxd4 b5 24. axb5 axb5 25. f4 R8c7 26. h4 h5 27. Kf3
Ra7 28. Rc3 Ra3 29. Rdd3 b4 30. Rc2 Ra5 31. Rcd2 f6 32. Ke3 Rca6 33. Kf3 Kd7
34. Ke3 Kc7 35. Kf3 Rc6 36. Ke3 g6 37. Kf3 Ra3 38. Ke3 Kb6 39. Kf2 Kc7 40. Kg2
Ra5 41. Kf3 Kd7 42. Ke3 Ke7 43. Kf3 Ra1 44. Kf2 Rh1 45. Kg2 Re1 46. Kf3 Ra1 47.
Ke3 f5 48. e5 dxe5 49. fxe5 Re1+ 50. Kf4 Rc7 51. Re3 Rg1 52. Kg5 Kf7 53. Red3
Re7 54. Ra2 Kg7 55. Ra5 Rf1 56. Rb5 Rf7 57. Rd4 f4 58. g4 Rg1 59. Rxf4 Rf5+ 60.
Rxf5 Rxg4# 0-1

[Event "CRO Team Cup"]
[Site "Mali Losinj"]
[Date "2017.05.11"]
[Round "3.54"]
[White "Dutina, Dario"]
[Black "Zubak, Milan"]
[Result "1-0"]
[WhiteElo "2285"]
[BlackElo "1895"]
[PlyCount "25"]
[EventDate "2017.??.??"]

1. e4 e5 2. Nf3 Nc6 3. Bb5 Bc5 4. O-O Qf6 5. c3 Nge7 6. d4 exd4 7. Re1 dxc3 8.
Nxc3 Nd4 9. Nxd4 Bxd4 10. Qe2 O-O 11. e5 Qg6 12. Bd3 Qe6 13. Qe4 1-0

[Event "CRO Team Cup"]
[Site "Mali Losinj"]
[Date "2017.05.11"]
[Round "3.61"]
[White "Sprenger, Jan Michael"]
[Black "Bender, Ivan"]
[Result "1-0"]
[WhiteElo "2520"]
[BlackElo "2248"]
[PlyCount "87"]
[EventDate "2017.??.??"]

1. e4 c6 2. d4 d5 3. e5 Bf5 4. Nf3 e6 5. Be2 h6 6. O-O Ne7 7. Nbd2 Nd7 8. Nb3
Bh7 9. a4 Nf5 10. a5 Be7 11. g4 Nh4 12. Nxh4 Bxh4 13. f4 f5 14. exf6 Bxf6 15.
g5 hxg5 16. fxg5 Bxg5 17. Bh5+ g6 18. Qg4 Bxc1 19. Bxg6+ Bxg6 20. Qxe6+ Qe7 21.
Qxg6+ Kd8 22. Raxc1 Kc7 23. Rce1 Rag8 24. Rxe7 Rxg6+ 25. Kh1 Kd6 26. Rff7 Rd8
27. Nc1 Nf6 28. Ne2 Rd7 29. Rxd7+ Nxd7 30. Nf4 Rh6 31. Kg2 b6 32. a6 c5 33. c3
Kc6 34. Kg3 Rd6 35. Kg4 Kb5 36. h4 cxd4 37. cxd4 Kc4 38. Kg5 Kxd4 39. h5 Ne5
40. Rxa7 Ke4 41. Re7 d4 42. a7 Rd8 43. Ng6 d3 44. Nxe5 1-0

[Event "CRO Team Cup"]
[Site "Mali Losinj"]
[Date "2017.05.11"]
[Round "3.62"]
[White "Jelcic, Marko"]
[Black "Rade, Miroslav"]
[Result "1/2-1/2"]
[WhiteElo "2147"]
[BlackElo "243"]
[PlyCount "31"]
[EventDate "2017.??.??"]

1. e4 e5 2. Nf3 Nc6 3. d4 exd4 4. Bc4 Bc5 5. c3 Nf6 6. e5 d5 7. Bb5 Ne4 8. cxd4
Bb6 9. Be3 O-O 10. Bxc6 bxc6 11. Qc2 Qe8 12. O-O f6 13. Rc1 fxe5 14. Nxe5 c5
15. dxc5 Qxe5 16. cxb6 1/2-1/2

[Event "CRO Team Cup"]
[Site "Mali Losinj"]
[Date "2017.05.11"]
[Round "3.63"]
[White "Ljubicic, Filip"]
[Black "Ivankovic, Ivo"]
[Result "1/2-1/2"]
[WhiteElo "2385"]
[BlackElo "2174"]
[PlyCount "85"]
[EventDate "2017.??.??"]

1. e4 e6 2. d4 d5 3. Nc3 dxe4 4. Nxe4 Bd7 5. Nf3 Bc6 6. Bd3 Nd7 7. O-O Ngf6 8.
Ng3 Be7 9. Re1 Bxf3 10. Qxf3 c6 11. c4 O-O 12. b3 Bb4 13. Re2 Qa5 14. Bb2 Ba3
15. Bc3 Bb4 16. Be1 Rfd8 17. Bc2 Nf8 18. Re5 Qb6 19. Bxb4 Qxb4 20. Rd1 Qa3 21.
Re2 Rd7 22. h4 Rad8 23. Red2 a5 24. h5 h6 25. Ne4 Nxe4 26. Bxe4 Nh7 27. Qe2 Nf6
28. Bf3 a4 29. Qe3 axb3 30. axb3 Qa5 31. g4 Qg5 32. Kf1 Qh4 33. Qe2 Qh3+ 34.
Kg1 Nh7 35. Rd3 Qh4 36. d5 exd5 37. cxd5 Ng5 38. Bg2 cxd5 39. Rxd5 Rxd5 40.
Rxd5 Rc8 41. Rd1 Nh3+ 42. Bxh3 Qxh3 43. Rd3 1/2-1/2

[Event "CRO Team Cup"]
[Site "Mali Losinj"]
[Date "2017.05.11"]
[Round "3.64"]
[White "Music, Tomislav"]
[Black "Ivic, Mateo"]
[Result "0-1"]
[WhiteElo "2066"]
[BlackElo "2229"]
[PlyCount "76"]
[EventDate "2017.??.??"]

1. d4 Nf6 2. c4 g6 3. Nc3 Bg7 4. e4 d6 5. f4 O-O 6. Nf3 c6 7. Be2 a6 8. a4 Nbd7
9. O-O e5 10. a5 exd4 11. Nxd4 Re8 12. Bf3 Nc5 13. Re1 Nfxe4 14. Nxc6 bxc6 15.
Nxe4 Bf5 16. Nxc5 dxc5 17. Bxc6 Bd4+ 18. Kh1 Rxe1+ 19. Qxe1 Ra7 20. Bd2 Bxb2
21. Ra2 Re7 22. Qf2 Bd4 23. Qf1 Qb8 24. h3 Qb3 25. Ra1 Bxa1 26. Qxa1 Qb1+ 27.
Qxb1 Bxb1 28. Bc3 Re3 29. Be5 Be4 30. Bd7 Re2 31. Bc8 Rxg2 32. Bxa6 Ra2+ 33.
Kg1 Rxa5 34. Bb5 Ra2 35. Bd6 Rc2 36. Bxc5 Bd3 37. Bd6 Bxc4 38. Ba4 Ra2 0-1

[Event "CRO Team Cup"]
[Site "Mali Losinj"]
[Date "2017.05.11"]
[Round "3.72"]
[White "Mrdja, Milan"]
[Black "Begonja, Veljko"]
[Result "1-0"]
[WhiteElo "2299"]
[BlackElo "2125"]
[PlyCount "113"]
[EventDate "2017.??.??"]

1. e4 g6 2. d4 Bg7 3. Nc3 c6 4. f4 d5 5. e5 h5 6. Nf3 Nh6 7. Be3 Bg4 8. Be2 Nf5
9. Bf2 e6 10. Qd2 Bf8 11. a3 a5 12. g3 h4 13. O-O-O b5 14. Ng5 Bxe2 15. Nxe2 h3
16. g4 Nh6 17. Rhg1 Be7 18. Nf3 a4 19. c3 Nd7 20. Qd3 Qa5 21. Nd2 Nb6 22. Qxh3
Kd7 23. Qf3 Rac8 24. Kc2 Nc4 25. Nc1 Qd8 26. Nd3 Kc7 27. Nb4 Kb7 28. Nxc4 bxc4
29. Be3 Qd7 30. h3 Rcf8 31. Rdf1 Ng8 32. Kb1 f6 33. Qg2 Bd8 34. Qc2 Ba5 35.
Qxa4 Ra8 36. Rf3 Bd8 37. Qc2 Qh7 38. Bc1 Be7 39. Rd1 Bxb4 40. cxb4 f5 41. b3
cxb3 42. Rxb3 Qd7 43. gxf5 gxf5 44. Rg1 Rh7 45. b5 cxb5 46. Qc5 Ka6 47. a4 Rc8
48. Qxb5+ Qxb5 49. axb5+ Kb6 50. Ba3 Ne7 51. Bc5+ Kb7 52. Ra3 Ra8 53. Rxa8 Kxa8
54. Rg3 Nc8 55. Kc2 Rh4 56. Rg7 Rxh3 57. b6 1-0

[Event "CRO Team Cup"]
[Site "Mali Losinj"]
[Date "2017.05.11"]
[Round "3.74"]
[White "Raguz, Darko"]
[Black "Stojkovic, Andreja"]
[Result "1/2-1/2"]
[WhiteElo "2102"]
[BlackElo "1939"]
[PlyCount "61"]
[EventDate "2017.??.??"]

1. e4 c5 2. Nf3 Nf6 3. Nc3 Nc6 4. d3 d6 5. g3 g6 6. Bg2 Bg7 7. O-O O-O 8. h3
Rb8 9. Be3 b5 10. Qd2 b4 11. Nd1 Qc7 12. Bh6 Ba6 13. Bxg7 Kxg7 14. Ne3 Rfd8 15.
Nh2 Rh8 16. Neg4 h5 17. Ne3 Bb7 18. f4 Rbf8 19. Nf3 e6 20. Ng5 Qe7 21. Rae1 Nh7
22. Nxh7 Kxh7 23. f5 Qg5 24. Qf2 Nd4 25. c3 Nb5 26. cxb4 cxb4 27. h4 Qh6 28.
Nc2 exf5 29. exf5 Bxg2 30. Kxg2 g5 31. Re4 1/2-1/2

[Event "CRO Team Cup"]
[Site "Mali Losinj"]
[Date "2017.05.11"]
[Round "3.81"]
[White "Boric, Muhamed"]
[Black "Livaic, Leon"]
[Result "1/2-1/2"]
[WhiteElo "2381"]
[BlackElo "2464"]
[PlyCount "68"]
[EventDate "2017.??.??"]

1. d4 Nf6 2. Nf3 b6 3. Bg5 Bb7 4. Nbd2 g6 5. e3 Bg7 6. Bd3 c5 7. c3 cxd4 8.
exd4 O-O 9. O-O d6 10. Re1 Nbd7 11. Ne4 Qc7 12. Nxf6+ Nxf6 13. Qe2 e6 14. a4 a6
15. h3 Rfe8 16. Bxf6 Bxf6 17. Be4 Bg7 18. Bxb7 Qxb7 19. Nd2 Rad8 20. Qe4 d5 21.
Qd3 f6 22. f4 Qc7 23. g3 e5 24. fxe5 fxe5 25. dxe5 Rxe5 26. Rxe5 Qxe5 27. Kg2
Re8 28. Rf1 d4 29. Qxa6 dxc3 30. bxc3 Qxc3 31. Qc4+ Qxc4 32. Nxc4 Bd4 33. Rb1
Ra8 34. Nxb6 Bxb6 1/2-1/2

[Event "CRO Team Cup"]
[Site "Mali Losinj"]
[Date "2017.05.11"]
[Round "3.82"]
[White "Vujakovic, Branko"]
[Black "Cenkovcan, Andrija"]
[Result "1-0"]
[WhiteElo "2349"]
[BlackElo "2039"]
[PlyCount "87"]
[EventDate "2017.??.??"]

1. e4 e6 2. d4 d5 3. Nc3 Bb4 4. e5 c5 5. a3 Bxc3+ 6. bxc3 Ne7 7. Nf3 h6 8. a4
Qa5 9. Bd2 c4 10. Be2 Bd7 11. O-O Na6 12. Bc1 Nc8 13. Qd2 Nb6 14. Qf4 Nxa4 15.
Qg4 Qxc3 16. Qxg7 O-O-O 17. Bd2 Qxc2 18. Bd1 Qd3 19. Bxa4 b5 20. Bd1 Rdg8 21.
Qxf7 Nc7 22. Rxa7 c3 23. Qe7 cxd2 24. g3 Kb8 25. Qxd7 Rh7 26. Qc6 Kxa7 27. Bc2
Qxf3 28. Bxh7 Rg7 29. Bc2 Rf7 30. Qc5+ Kb7 31. Qb4 Qe2 32. Bd1 Qd3 33. Bh5 Rf5
34. Bd1 h5 35. h4 Rf7 36. Bxh5 Na6 37. Qb1 Qxb1 38. Rxb1 Rc7 39. Rd1 Rc2 40.
Kf1 b4 41. Bg6 b3 42. Ke2 Nb4 43. Rxd2 b2 44. Rxc2 1-0

[Event "CRO Team Cup"]
[Site "Mali Losinj"]
[Date "2017.05.11"]
[Round "3.83"]
[White "Livaic, Damir"]
[Black "Blazeka, Matej"]
[Result "0-1"]
[WhiteElo "2020"]
[BlackElo "2333"]
[PlyCount "80"]
[EventDate "2017.??.??"]

1. c4 e5 2. Nc3 Nc6 3. g3 Bc5 4. Na4 Be7 5. Bg2 Nf6 6. b3 d5 7. cxd5 Nxd5 8.
Bb2 O-O 9. Nf3 f6 10. O-O Nb6 11. Nc3 a6 12. Rc1 Re8 13. Qc2 Bg4 14. Ne4 Rc8
15. Nc5 Bxc5 16. Qxc5 e4 17. Nd4 Nxd4 18. Bxd4 Re6 19. e3 Nd5 20. a3 Qd7 21.
Rfe1 Rce8 22. d3 f5 23. h3 Bh5 24. dxe4 fxe4 25. g4 Bg6 26. Rcd1 c6 27. f4 exf3
28. Bxf3 Be4 29. Bxe4 Rxe4 30. Rf1 h5 31. Rd2 hxg4 32. Rdf2 gxh3 33. Rf8+ Kh7
34. Kh2 Qc7+ 35. Kh1 Rxf8 36. Qxf8 Qe7 37. Qf3 Nxe3 38. Qh5+ Kg8 39. Bc5 Nxf1
40. Bxe7 Ng3+ 0-1

[Event "CRO Team Cup"]
[Site "Mali Losinj"]
[Date "2017.05.11"]
[Round "3.84"]
[White "Markovic, Franjo-Josip"]
[Black "Radikovic, Anamarija"]
[Result "1-0"]
[WhiteElo "1990"]
[BlackElo "1905"]
[PlyCount "73"]
[EventDate "2017.??.??"]

1. d4 b6 2. e4 Bb7 3. Bd3 Nc6 4. Nf3 Nb4 5. Bc4 e6 6. Nc3 d5 7. Bb5+ c6 8. Ba4
b5 9. Bb3 a5 10. a4 dxe4 11. Nxe4 Nf6 12. Neg5 Bd6 13. Nxf7 Kxf7 14. Ng5+ Ke8
15. Nxe6 Qe7 16. O-O Kd7 17. Re1 Kc8 18. Bg5 Kb8 19. c3 Nbd5 20. Bxd5 cxd5 21.
axb5 Bc8 22. c4 dxc4 23. d5 Qf7 24. Qd4 Bb7 25. Bf4 Ne8 26. Bxd6+ Nxd6 27. Qb6
Nc8 28. Qc5 Qd7 29. Rad1 Qd6 30. Qd4 Rg8 31. Nf4 g5 32. Nh5 Nb6 33. Nf6 Ka7 34.
Re6 Qc7 35. d6 Qf7 36. Re7 Qg6 37. Nd7 1-0

[Event "CRO Team Cup"]
[Site "Mali Losinj"]
[Date "2017.05.11"]
[Round "3.92"]
[White "Nemec, Vjekoslav"]
[Black "Vidovic, Sasa"]
[Result "1/2-1/2"]
[WhiteElo "2172"]
[BlackElo "2299"]
[PlyCount "77"]
[EventDate "2017.??.??"]

1. e4 d6 2. d4 Nf6 3. Nc3 c6 4. f4 Qa5 5. e5 Ne4 6. Qf3 Nxc3 7. Bd2 Bf5 8. Bxc3
Qd5 9. Qxd5 cxd5 10. O-O-O e6 11. Ne2 h5 12. Re1 Nc6 13. Ng3 g6 14. Nxf5 gxf5
15. g3 Rc8 16. a3 Kd7 17. Be2 a6 18. Kb1 Be7 19. h3 Rcg8 20. Rhg1 Rg7 21. Rg2
Bd8 22. Rd1 Bb6 23. b4 Ne7 24. Be1 Nc6 25. Rf2 dxe5 26. fxe5 Ne7 27. Rf3 h4 28.
gxh4 Ng6 29. Rg3 Rgh7 30. c4 Rxh4 31. cxd5 exd5 32. Rg5 Rxh3 33. Rxf5 Ke8 34.
Bf3 Ne7 35. Rf6 Bd8 36. Bf2 Ng6 37. Rf5 Ne7 38. Rf4 Ng6 39. Rf5 1/2-1/2

[Event "CRO Team Cup"]
[Site "Mali Losinj"]
[Date "2017.05.11"]
[Round "3.93"]
[White "Kovac, Hrvoje"]
[Black "Pavic, Jakov"]
[Result "1/2-1/2"]
[WhiteElo "1959"]
[BlackElo "2144"]
[PlyCount "48"]
[EventDate "2017.??.??"]

1. b3 e5 2. Bb2 Nc6 3. e3 Nf6 4. Bb5 Bd6 5. Na3 O-O 6. Nc4 a6 7. Nxd6 cxd6 8.
Be2 d5 9. Nf3 d6 10. a3 Be6 11. d4 e4 12. Nd2 b5 13. c4 dxc4 14. bxc4 bxc4 15.
Nxc4 Bxc4 16. Bxc4 d5 17. Be2 Qa5+ 18. Qd2 Qxd2+ 19. Kxd2 Na5 20. Rab1 Rfc8 21.
Bc3 Nc4+ 22. Bxc4 Rxc4 23. f3 Rac8 24. Rhc1 Kf8 1/2-1/2

[Event "CRO Team Cup"]
[Site "Mali Losinj"]
[Date "2017.05.11"]
[Round "3.94"]
[White "Kos, Bruno"]
[Black "Strukelj, Zlatko"]
[Result "0-1"]
[WhiteElo "1998"]
[BlackElo "1755"]
[PlyCount "154"]
[EventDate "2017.??.??"]

1. d4 d6 2. Nf3 Nf6 3. Bf4 c5 4. c3 cxd4 5. cxd4 Nc6 6. Nc3 Qa5 7. Bd2 Qd8 8.
d5 Ne5 9. Nxe5 dxe5 10. e4 a6 11. Qb3 Qd6 12. a4 Nd7 13. Be3 g6 14. Be2 Bg7 15.
O-O O-O 16. Rac1 b6 17. Nb1 Nc5 18. Bxc5 bxc5 19. Qa3 f5 20. f3 Bh6 21. Rc2 Bd7
22. Nd2 e6 23. Nc4 Qe7 24. d6 Qh4 25. g3 Qh3 26. Na5 Bc8 27. Qxc5 Bd7 28. Qxe5
Bg7 29. Qf4 fxe4 30. Qxe4 Qf5 31. Qxf5 Rxf5 32. Nc6 Kf7 33. b3 Rc8 34. Nb4 Rxc2
35. Nxc2 Rc5 36. Nb4 a5 37. Na6 Rd5 38. Rd1 Bd4+ 39. Kg2 Rxd6 40. Bc4 Kf6 41.
Nc7 e5 42. Nd5+ Kg7 43. Nc3 Bc6 44. Ne2 Bc5 45. Rxd6 Bxd6 46. Nc1 g5 47. Kf2
Bc5+ 48. Ke2 Kf6 49. Nd3 Bd4 50. Nf2 h5 51. Bd3 Bd5 52. Bc4 Bc6 53. Bd3 Bd5 54.
Bc4 Bc6 55. Bd3 h4 56. Ng4+ Ke6 57. gxh4 gxh4 58. h3 Bd5 59. Bc4 Bxc4+ 60. bxc4
Kf5 61. Nf2 Kf4 62. Ne4 Bb6 63. c5 Ba7 64. Kf2 Kf5 65. Ke2 Ke6 66. Ke3 Kd5 67.
f4 Bxc5+ 68. Nxc5 exf4+ 69. Kxf4 Kxc5 70. Kg4 Kb4 71. Kxh4 Kxa4 72. Kg4 Kb3 73.
h4 a4 74. Kg5 a3 75. Kg6 a2 76. Kh7 a1=Q 77. h5 Qf6 0-1

[Event "CRO Team Cup"]
[Site "Mali Losinj"]
[Date "2017.05.11"]
[Round "3.101"]
[White "Boban, Sten"]
[Black "Kelemen, Miljenko"]
[Result "1/2-1/2"]
[WhiteElo "2075"]
[BlackElo "1969"]
[PlyCount "59"]
[EventDate "2017.??.??"]

1. d4 Nf6 2. c4 e6 3. Nf3 d5 4. Nc3 Nbd7 5. e3 c6 6. a3 Be7 7. Bd3 dxc4 8. Bxc4
b5 9. Bd3 a6 10. O-O c5 11. Qe2 Bb7 12. Rd1 Qb6 13. Bc2 O-O 14. e4 cxd4 15.
Nxd4 Ne5 16. Nb3 Nc4 17. e5 Qc6 18. f4 Qb6+ 19. Kh1 Nd5 20. Nxd5 Bxd5 21. f5
Rfc8 22. f6 Bf8 23. fxg7 Bxg7 24. Qh5 Qf2 25. Qxh7+ Kf8 26. Rg1 Bxg2+ 27. Rxg2
Qf1+ 28. Rg1 Qf3+ 29. Rg2 Qf1+ 30. Rg1 1/2-1/2

[Event "CRO Team Cup"]
[Site "Mali Losinj"]
[Date "2017.05.11"]
[Round "3.102"]
[White "Florjan, Mladen"]
[Black "Djuric, Petar"]
[Result "1/2-1/2"]
[WhiteElo "2001"]
[BlackElo "1954"]
[PlyCount "61"]
[EventDate "2017.??.??"]

1. e4 e5 2. Nf3 Nc6 3. Bb5 a6 4. Ba4 Nf6 5. O-O d6 6. Re1 b5 7. Bb3 Be7 8. c3
O-O 9. d4 h6 10. h3 Bb7 11. Nbd2 Re8 12. Nf1 Bf8 13. Ng3 Bc8 14. dxe5 dxe5 15.
Bd5 Qd6 16. b3 Nxd5 17. Qxd5 Be6 18. Qxd6 Bxd6 19. Be3 Rad8 20. Rad1 a5 21. Rd2
f6 22. Red1 Kf7 23. Ne1 g5 24. Nd3 Be7 25. f3 a4 26. b4 Rd7 27. Nc5 Rxd2 28.
Rxd2 Rd8 29. Nxe6 Kxe6 30. Rxd8 Nxd8 31. Nf1 1/2-1/2

[Event "CRO Team Cup"]
[Site "Mali Losinj"]
[Date "2017.05.11"]
[Round "3.111"]
[White "Zelic, Zdravko"]
[Black "Popovic, Ivo"]
[Result "1/2-1/2"]
[WhiteElo "2368"]
[BlackElo "2172"]
[PlyCount "93"]
[EventDate "2017.??.??"]

1. e4 c5 2. Nf3 d6 3. d4 cxd4 4. Nxd4 Nf6 5. Nc3 g6 6. Be3 Bg7 7. f3 Nc6 8. Bc4
O-O 9. Qd2 Bd7 10. O-O-O Rc8 11. Bb3 Ne5 12. Kb1 Nc4 13. Bxc4 Rxc4 14. g4 b5
15. g5 Nh5 16. Nce2 a5 17. Ng3 a4 18. Nxh5 gxh5 19. Nf5 Bxf5 20. exf5 Qc7 21.
f6 exf6 22. gxf6 Bxf6 23. Rhg1+ Kh8 24. Bh6 Rd4 25. Qe2 Rxd1+ 26. Rxd1 Rd8 27.
Rg1 Qc5 28. Re1 Qe5 29. Qxe5 dxe5 30. c3 Rd6 31. Re4 Re6 32. c4 Be7 33. Bd2 f5
34. Re1 b4 35. Be3 Kg8 36. Kc2 Kf7 37. b3 Rc6 38. Rd1 axb3+ 39. Kxb3 f4 40. Bc1
Ke6 41. Re1 Kf5 42. Bb2 Bd6 43. Rd1 Ke6 44. Rg1 Kf5 45. Rd1 Ke6 46. Rg1 Kf5 47.
Rd1 1/2-1/2

[Event "CRO Team Cup"]
[Site "Mali Losinj"]
[Date "2017.05.11"]
[Round "3.112"]
[White "Miskovic, Bozo"]
[Black "Zelic, Branko"]
[Result "1/2-1/2"]
[WhiteElo "2029"]
[BlackElo "2239"]
[PlyCount "91"]
[EventDate "2017.??.??"]

1. Nf3 Nf6 2. d4 b6 3. g3 Bb7 4. Bg2 e6 5. O-O c5 6. c3 Be7 7. Re1 O-O 8. Nbd2
d5 9. Ne5 cxd4 10. cxd4 Nc6 11. Nxc6 Bxc6 12. Nf3 Ne4 13. Ne5 Bb7 14. f3 Nd6
15. b3 Nb5 16. Bb2 Bb4 17. Rf1 Rc8 18. Qd3 a6 19. Rfc1 Qd6 20. a4 Na7 21. Qd1
a5 22. Nd3 Nc6 23. Nxb4 Nxb4 24. Ba3 h5 25. Qd2 Ba6 26. Bf1 Rfe8 27. Qg5 g6 28.
g4 hxg4 29. Qxg4 Kg7 30. Rxc8 Bxc8 31. Rc1 Bd7 32. Qg3 Qxg3+ 33. hxg3 Rc8 34.
Rxc8 Bxc8 35. Kf2 f6 36. e3 Kf7 37. Bxb4 axb4 38. Bd3 g5 39. f4 e5 40. Bc2 Bg4
41. Kg2 Ke6 42. Kf2 Bf5 43. Bd1 g4 44. Ke2 Be4 45. Kd2 exf4 46. exf4 1/2-1/2